000 00428nam a2200157 4500
001 144439
003 ES-MaACL
005 20230906201021.0
007 t|
008 070214s1969 sp r ||||1| spa d
100 1 _aSiles Salinas, Jorge.
_9106343
245 1 0 _aAnte la historia /
_cJorge Siles Salinas.
260 _aMadrid :
_bEd. Nacional,
_c1969.
300 _aX, 286 p. ;
_c24 cm.
852 _aES-MaACL
_jC-36578
_bR.69615
999 _c144439
_d144439